000 01204nam a2200217Ia 4500
999 _c35395
_d35395
001 1248
003 GE_BSU
005 20250325111430.0
008 181216s1986||||ge |||||||||||||| ||geo||
040 _cGE_BSU
041 _ageo
080 _a631.8 ა-25
245 _aაგროქიმია.მცენარის ანალიზი.
_bმეთოდური მითითება ლაბორატორიული სამუშაოების შესასრულებლად სტუდენტებისათვის /
_cშემდგ. ო. ზარდალიშვილი და სხვ. რედ. ი. ნა
245 _cშემდგ. ო. ზარდალიშვილი და სხვ. რედ. ი. ნაკაიძე
264 _aთბილისი :
_bსასაფლო სამეურნეო ინსტიტუტი,
_c1986.
300 _a61 გვ.
_b19 სმ.
653 _aაგროქიმია.
653 _aსოფლის მეურნეობა
700 _a ზარდალიშვილი,ო
_eშემდგენელი და სხვ.
_924672
942 _cBK
_2udc